Quiz mangas/animes de sport - Statistiques

Statistiques générales
  • Ce quiz a été pris 15 fois
  • Le résultat moyen est 7 sur 15
Statistiques - réponses
Question Réponse % Correct
Quelle est la technique spéciale de Endou Mamoru alias Mark Evans Inazuma Eleven? La main céleste
75%
A quel manga l'animé Megalo-Box est-il une ode? Ashita no Joe
58%
A quel poste joue Ashito Aoi dans Ao Ashi? Lateral gauche
58%
Quelle technique permet à Isagi Yoichi de marquer de n'importe quel pied dans Blue Lock? Le 2 gun volley
50%
Quelle technique Ippo maîtrise-t-il dans le manga éponyme? Le Dempsey Roll
50%
De quel sport traite All out? Le rugby
50%
Qui est surnommé le grand roi dans Haikyuu? Tooru Oikawa
50%
Quel est le style de lancer principal de Sawamura Eijun dans Ace of Diamond? Une balle rapide irrégulière
50%
Dans Kuroko's basket, qui est le roi sans couronne de l'équipe de Seirin? Kiyoshi Teppei
42%
Dans Yowamushi Pedal (En selle, Sakamichi) , qui chante en montant les côtes? Sakamichi Onoda
42%
Dans Eyeshield 21, quels sont les adversaires des Devil Bats en finale du Christmas Bowl? Teikoku Alexanders
42%
Quel évènement marque Joe Yabuki lors de son match avec Rikiishi dans Ashita no Joe? La mort de Rikiishi sur le ring
33%
Quel est le nom originel de Mark Landers dans Olive et Tom (Captain Tsubasa)? Kojirou Hyuga
25%
Quelle est la spécialité de Sakuragi Hanamichi, le protagoniste de Slam Dunk? Les rebonds
17%
Qui est le véritable Eyeshield 21? Takeru Yamato
17%
Aucun quiz correspondant
Distribution des résultats
% des personnes avec chaque résultat
Percentile par nombre de réponses
Votre historique - résultats
Vous n’avez pas pris ce quiz